00996nam a2200241 a 450000100060000000300090000600800410001502000140005604000280007008200170009810000260011511000490014124500640019026000430025430000160029765000380031365000420035165000440039394200120043799900170044995201520046695201360061810499CO-ViMGA141112s2004 ck r 000 u spa d a968601603 aCO-ViMGAbspacCO-ViMGA04a330.986 C65h1 aColmenares ; German,  aColciencias - Banco de la República91413210aHistoria Económica y social de Colombia I : b1537 - 1719 aSantafé de Bogotá : bTercer mundo a475p. : il.14aCOLOMBIA - CONDICIONES ECONOMICAS14aCOLOMBIA - CONDICIONES SOCIALES9871214aEconomía - HISTORIA - COLOMBIA914133 2ddccBK c21825d21825 00102ddc40708002aMEVIECARbMEVIECARd2015-12-04hVolumen. 1 | 11/jun/2009l0o330.986 C65h p10499r2015-12-04 00:00:00tEj. 1w2015-12-04yBK 00102ddc40708GENaMEURIBEbMEURIBEcGENd2024-07-17l0o330.986 C64h VOL 1pURI00345r2024-07-17 08:27:00tEj.1w2024-07-17yBK